| 000 | 01065nas a2200349 4500 | ||
|---|---|---|---|
| 001 | BR2014005749 | ||
| 003 | BR-BrBNA | ||
| 005 | 20231205124508.0 | ||
| 007 | ta | ||
| 008 | 230509b bl.|||p| |||| 00| 00por d | ||
| 040 |
_aBR-BrBNA _bpor _cBiblioteca Nacional de Agricultura |
||
| 041 | _a(En) | ||
| 072 | _aF04; F08 | ||
| 100 | 1 | _aCiancio, N.R. | |
| 100 | 1 | _aCeretta, C.A. | |
| 100 | 1 | _aLourenzi, C.R. | |
| 100 | 1 | _aFerreira, P.A.A. | |
| 100 | 1 | _aTrentin, G. | |
| 100 | 1 | _aLorensini, F. | |
| 100 | 1 | _aTiecher, T.L. | |
| 100 | 1 | _aConti, L. de | |
| 100 | 1 | _aGirotto, E. | |
| 100 | 1 | _aBrunetto, G. | |
| 245 | 1 | _aCrop response to organic fertilization with supplementary mineral nitrogen | |
| 650 | _aADUBO ORGÂNICO | ||
| 650 | _aPLANTIO DIRETO | ||
| 650 | _aROTAÇÃO DE CULTURA | ||
| 773 | 0 |
_tRevista Brasileira de Ciência do Solo (Brazil) _xISSN 0100-0683 _g(May-Jun 2014), v. 38(3) p. 912-922 _wBR2014005749 |
|
| 856 | 4 | 0 | _uhttp://www.scielo.br/pdf/rbcs/v38n3/23.pdf |
| 909 |
_a202311 _bLúcia _c55 _dLúcia Elande |
||
| 942 |
_2AGRIS _n0 _cANA |
||
| 999 |
_c239366 _d239366 |
||